00894 2200277 4500001002100000005001500021035002500036008004100061020002200102040001700124082001600141084001800157100004500175245009500220250004100315260003600356300004900392500003400441650004000475850001200515007000300527090002200530999002200552990002200574990002000596INLIS00000000000841920210906120105 a0010-071500000001102150730s2013 yoia g ind d a978-979-756-983-9 aYOPDYOGbind04223a959.823 a959.823 SUR d0 aSuryo Sakti Hadiwijoyo, 1975-epengarang aDaerah Istimewa Yogyakarta dalam sistem ketatanegaraan Indonesia /cSuryo Sakti Hadiwijoyo aEdisi pertama: Cetakan pertama, 20133 aYogyakarta :bGraha Ilmu,c2013 axi, 230 halaman :bilustrasi, tabel ;c26 cm aBibliografi : halaman 171-181 4aSistem ketatanegaraan--zYogyakarta aYOPDYOGta aCB-D.11 2013-1902 aCB-D.11/2013-1902 aCB-D.11/2013-1902 a68025-PD/A.2021